=LDR 00000nam 2200000 4500 =001 INLIS000000000015897 =005 20130612111152 =008 ***********************************Ind** =035 ##$$0010-061300000015897 =041 ##$$a Ind =082 ##$$a 372.8 =090 ##$$a 372.8, Eva e =245 ##$$a Evaluasi pendidikan pancasila dan kewarganegaraan, untuk sekolah dasar kelas 5 disusun berdasarkan kurikulum 1994, R.J.Soenarjo dkk =260 ##$$a 1198 $b Bandung =300 ##$$a VIII-99 hlm., 21 cm =650 ##$$a Pendidikan dasar - pancasila dan kewarganegaraan =700 ##$$a Sunarjo, R.J =850 ##$$a NBPNMAT